00483nam a2200193 a 4500001001300000003000900013005001700022008004100039020001000080082001800090100001500108245003500123260003800158300000900196500003500205505001000240650002400250700001500274nice12345678IN_TiNIC20260116011503.0050524s1953 newa grp 000 0 eng  ac10000a909.0494bHAY aHayes, C J aContemporary Europe Since 1870 aNew YorkbMacmillan Companyc1953 a785p aincludes index and biblioraphy2 aIndex aCivilization-Europe1 aHayes, C J